000
00342nam a22001217a 4500
040
_c
SK
082
_a
339
100
_a
CHAN BONNIVOIT; ចាន់ ប៊ុននិវត្តន៏
245
_a
Economics development; សេដ្ឋកិច្ចអភិវឌ្ឍន៏
260
_a
IIC
_b
CHA
_c
NA
300
_a
221p.
942
_c
KB
999
_c
8811
_d
8811